Top XIs: Standard Liège (1973-2023) - Statistics

General Stats
  • This quiz has been taken 34 times
    33 since last reset
  • The average score is 102 of 500
Answer Stats
Hint Position Answer % Correct
2007/2008 MF Axel Witsel
82%
2008/2009 MF Axel Witsel
82%
2009/2010 MF Axel Witsel
82%
2010/2011 MF Axel Witsel
82%
2006/2007 MF Marouane Fellaini
77%
2007/2008 MF Marouane Fellaini
77%
2016/2017 ST Orlando Sá
73%
2017/2018 ST Orlando Sá
73%
2009/2010 MF Mehdi Carcela
68%
2010/2011 MF Mehdi Carcela
68%
2013/2014 MF Mehdi Carcela
68%
2014/2015 MF Mehdi Carcela
68%
2018/2019 MF Mehdi Carcela
68%
2019/2020 MF Mehdi Carcela
68%
2020/2021 MF Mehdi Carcela
68%
2012/2013 ST Michy Batshuayi
68%
2013/2014 ST Michy Batshuayi
68%
2006/2007 MF Steven Defour
68%
2007/2008 MF Steven Defour
68%
2008/2009 MF Steven Defour
68%
2010/2011 MF Steven Defour
68%
2007/2008 ST Dieumerci Mbokani
64%
2008/2009 ST Dieumerci Mbokani
64%
2009/2010 ST Dieumerci Mbokani
64%
2006/2007 ST Milan Jovanović
64%
2007/2008 ST Milan Jovanović
64%
2008/2009 ST Milan Jovanović
64%
2009/2010 ST Milan Jovanović
64%
2010/2011 DF Jelle Van Damme
59%
2011/2012 DF Jelle Van Damme
59%
2012/2013 DF Jelle Van Damme
59%
2013/2014 DF Jelle Van Damme
59%
2014/2015 DF Jelle Van Damme
59%
2015/2016 DF Jelle Van Damme
59%
1991/1992 MF Marc Wilmots
59%
1992/1993 MF Marc Wilmots
59%
1993/1994 MF Marc Wilmots
59%
1994/1995 MF Marc Wilmots
59%
1995/1996 MF Marc Wilmots
59%
2020/2021 MF Nicolas Raskin
59%
2021/2022 MF Nicolas Raskin
59%
2022/2023 MF Nicolas Raskin
59%
2017/2018 ST Renaud Emond
59%
2018/2019 ST Renaud Emond
59%
2019/2020 ST Renaud Emond
59%
2022/2023 ST Renaud Emond
59%
1997/1998 ST Emile Mpenza
55%
1998/1999 ST Emile Mpenza
55%
2003/2004 ST Emile Mpenza
55%
1973/1974 DF Eric Gerets
55%
1974/1975 DF Eric Gerets
55%
1975/1976 DF Eric Gerets
55%
1976/1977 DF Eric Gerets
55%
1977/1978 DF Eric Gerets
55%
1978/1979 DF Eric Gerets
55%
1979/1980 DF Eric Gerets
55%
1980/1981 DF Eric Gerets
55%
1981/1982 MF Eric Gerets
55%
2010/2011 DF Laurent Ciman
55%
2011/2012 DF Laurent Ciman
55%
2012/2013 DF Laurent Ciman
55%
2013/2014 DF Laurent Ciman
55%
2014/2015 DF Laurent Ciman
55%
1997/1998 ST Mbo Mpenza
55%
1998/1999 ST Mbo Mpenza
55%
1999/2000 ST Mbo Mpenza
55%
2012/2013 ST Imoh Ezekiel
50%
2013/2014 ST Imoh Ezekiel
50%
2016/2017 DF Kostas Laifis
50%
2017/2018 DF Kostas Laifis
50%
2018/2019 DF Kostas Laifis
50%
2019/2020 DF Kostas Laifis
50%
2020/2021 DF Kostas Laifis
50%
2021/2022 DF Kostas Laifis
50%
2022/2023 DF Kostas Laifis
50%
2019/2020 ST Maxime Lestienne
50%
2020/2021 ST Maxime Lestienne
50%
2004/2005 DF Oguchi Onyewu
50%
2006/2007 DF Oguchi Onyewu
50%
2007/2008 DF Oguchi Onyewu
50%
2008/2009 DF Oguchi Onyewu
50%
2007/2008 ST Igor de Camargo
45%
2008/2009 ST Igor de Camargo
45%
2009/2010 ST Igor de Camargo
45%
2014/2015 ST Igor de Camargo
45%
2005/2006 DF Dante
41%
2007/2008 DF Dante
41%
2008/2009 DF Dante
41%
2016/2017 MF Edmilson
41%
2017/2018 MF Edmilson
41%
2015/2016 ST Ivan Santini
41%
2012/2013 MF Paul-José Mpoku
41%
2013/2014 MF Paul-José M'Poku
41%
2014/2015 MF Paul-José M'Poku
41%
2017/2018 MF Paul-José M'Poku
41%
2018/2019 MF Paul-José M'Poku
41%
2017/2018 MF Răzvan Marin
41%
2018/2019 MF Răzvan Marin
41%
2010/2011 DF Sébastien Pocognoli
41%
2011/2012 DF Sébastien Pocognoli
41%
2017/2018 DF Sébastien Pocognoli
41%
2004/2005 MF Sérgio Conceição
41%
2005/2006 MF Sérgio Conceição
41%
2006/2007 MF Sérgio Conceição
41%
2019/2020 DF Zinho Vanheusden
41%
2014/2015 MF Adrien Trebel
36%
2015/2016 MF Adrien Trebel
36%
2016/2017 MF Adrien Trebel
36%
2015/2016 DF Alexander Scholz
36%
2016/2017 DF Alexander Scholz
36%
2020/2021 DF Merveille Bokadi
36%
2021/2022 DF Merveille Bokadi
36%
2011/2012 MF Réginal Goreux
36%
2019/2020 MF Selim Amallah
36%
2020/2021 MF Selim Amallah
36%
2021/2022 MF Selim Amallah
36%
2022/2023 MF Selim Amallah
36%
2017/2018 DF Christian Luyindama
32%
2018/2019 DF Christian Luyindama
32%
2016/2017 DF Collins Fai
32%
2017/2018 DF Collins Fai
32%
2018/2019 DF Collins Fai
32%
2020/2021 DF Collins Fai
32%
2004/2005 MF Karel Geraerts
32%
2005/2006 MF Karel Geraerts
32%
2006/2007 MF Karel Geraerts
32%
2018/2019 DF Luis Pedro Cavanda
32%
2004/2005 ST Mémé Tchité
32%
2005/2006 ST Mémé Tchité
32%
2010/2011 ST Mémé Tchité
32%
2011/2012 ST Mémé Tchité
32%
2006/2007 DF Mohamed Sarr
32%
2007/2008 DF Mohamed Sarr
32%
2008/2009 DF Mohamed Sarr
32%
2009/2010 DF Mohamed Sarr
32%
1973/1974 MF Wilfried Van Moer
32%
1974/1975 MF Wilfried Van Moer
32%
1975/1976 MF Wilfried Van Moer
32%
2011/2012 MF Yoni Buyens
32%
2012/2013 MF Yoni Buyens
32%
2022/2023 ST Denis Drăguș
27%
2009/2010 DF Eliaquim Mangala
27%
2010/2011 DF Eliaquim Mangala
27%
2004/2005 DF Eric Deflandre
27%
2005/2006 DF Eric Deflandre
27%
2006/2007 DF Eric Deflandre
27%
2014/2015 ST Geoffrey Bia
27%
2018/2019 MF Gojko Cimirot
27%
2019/2020 MF Gojko Cimirot
27%
2020/2021 MF Gojko Cimirot
27%
2021/2022 MF Gojko Cimirot
27%
2022/2023 MF Gojko Cimirot
27%
1980/1981 MF Guy Vandersmissen
27%
1981/1982 MF Guy Vandersmissen
27%
1982/1983 MF Guy Vandersmissen
27%
1983/1984 MF Guy Vandersmissen
27%
1985/1986 MF Guy Vandersmissen
27%
1986/1987 MF Guy Vandersmissen
27%
1987/1988 MF Guy Vandersmissen
27%
1988/1989 MF Guy Vandersmissen
27%
1989/1990 MF Guy Vandersmissen
27%
1990/1991 MF Guy Vandersmissen
27%
2016/2017 ST Ishak Belfodil
27%
2018/2019 ST Moussa Djenepo
27%
1985/1986 ST Nico Claesen
27%
2021/2022 DF Noë Dussenne
27%
2022/2023 DF Noë Dussenne
27%
2011/2012 MF William Vainqueur
27%
2012/2013 MF William Vainqueur
27%
2013/2014 MF William Vainqueur
27%
2001/2002 MF Almami Moreira
23%
2002/2003 MF Almami Moreira
23%
2003/2004 MF Almami Moreira
23%
2005/2006 MF Almami Moreira
23%
2021/2022 ST Aron Dønnum
23%
2022/2023 ST Aron Dønnum
23%
2016/2017 ST Benito Raman
23%
2010/2011 DF Daniel Opare
23%
2012/2013 DF Daniel Opare
23%
2013/2014 DF Daniel Opare
23%
1999/2000 DF Daniel van Buyten
23%
2000/2001 DF Daniel van Buyten
23%
2014/2015 MF Eyong Enoh
23%
2015/2016 MF Eyong Enoh
23%
2016/2017 MF Eyong Enoh
23%
2011/2012 DF Kanu
23%
2012/2013 DF Kanu
23%
2013/2014 DF Kanu
23%
2007/2008 DF Marcos Camozzato
23%
2008/2009 DF Marcos Camozzato
23%
2009/2010 DF Marcos Camozzato
23%
2015/2016 ST Mathieu Dossevi
23%
2010/2011 ST Mbaye Leye
23%
2019/2020 DF Mërgim Vojvoda
23%
1975/1976 DF Michel Renquin
23%
1976/1977 DF Michel Renquin
23%
1977/1978 DF Michel Renquin
23%
1978/1979 DF Michel Renquin
23%
1979/1980 DF Michel Renquin
23%
1987/1988 DF Michel Renquin
23%
1993/1994 ST Mickaël Goossens
23%
1994/1995 ST Mickaël Goossens
23%
1995/1996 ST Mickaël Goossens
23%
1999/2000 ST Mickaël Goossens
23%
2001/2002 ST Mickaël Goossens
23%
1992/1993 DF Philippe Léonard
23%
1993/1994 DF Philippe Léonard
23%
1994/1995 DF Philippe Léonard
23%
1995/1996 DF Philippe Léonard
23%
2004/2005 DF Philippe Léonard
23%
2005/2006 DF Philippe Léonard
23%
2019/2020 MF Samuel Bastien
23%
2020/2021 MF Samuel Bastien
23%
2021/2022 MF Samuel Bastien
23%
1989/1990 DF Thierry Siquet
23%
2008/2009 MF Wilfried Dalmat
23%
2009/2010 MF Wilfried Dalmat
23%
1985/1986 ST Alex Czerniatynski
18%
1986/1987 ST Alex Czerniatynski
18%
1987/1988 ST Alex Czerniatynski
18%
1988/1989 ST Alex Czerniatynski
18%
2001/2002 ST Ali Lukunku
18%
2002/2003 ST Ali Lukunku
18%
2015/2016 ST Anthony Knockaert
18%
2015/2016 DF Corentin Fiore
18%
2016/2017 DF Corentin Fiore
18%
2012/2013 MF Frédéric Bulot
18%
2022/2023 DF Gilles Dewaele
18%
1999/2000 ST Ivica Mornar
18%
2000/2001 ST Ivica Mornar
18%
1980/1981 MF Jos Daerden
18%
1981/1982 MF Jos Daerden
18%
1982/1983 MF Jos Daerden
18%
1983/1984 MF Jos Daerden
18%
2019/2020 DF Nicolas Gavory
18%
2020/2021 DF Nicolas Gavory
18%
1980/1981 MF Simon Tahamata
18%
1981/1982 MF Simon Tahamata
18%
1982/1983 MF Simon Tahamata
18%
1983/1984 MF Simon Tahamata
18%
1991/1992 DF Stéphane Demol
18%
1992/1993 DF Stéphane Demol
18%
1981/1982 DF Walter Meeuws
18%
1981/1982 MF Arie Haan
14%
1982/1983 MF Arie Haan
14%
1994/1995 ST Aurelio Vidmar
14%
2013/2014 DF Dino Arslanagić
14%
2014/2015 DF Dino Arslanagić
14%
2015/2016 DF Dino Arslanagić
14%
2022/2023 DF Jacob B. Laursen
14%
2001/2002 MF Johan Walem
14%
2002/2003 MF Johan Walem
14%
2021/2022 ST Klauss
14%
2003/2004 ST Alekos Kaklamanos
9%
1996/1997 MF Bernd Thijs
9%
1997/1998 MF Bernd Thijs
9%
1998/1999 MF Bernd Thijs
9%
1999/2000 MF Bernd Thijs
9%
1995/1996 DF Didier Ernst
9%
1996/1997 DF Didier Ernst
9%
1997/1998 DF Didier Ernst
9%
1998/1999 DF Didier Ernst
9%
1999/2000 DF Didier Ernst
9%
2000/2001 DF Didier Ernst
9%
2001/2002 DF Eric van Meir
9%
2002/2003 DF Gonzague Vandooren
9%
2003/2004 DF Gonzague Vandooren
9%
2004/2005 DF Gonzague Vandooren
9%
1994/1995 MF Gunther Schepens
9%
1995/1996 MF Gunther Schepens
9%
1996/1997 MF Gunther Schepens
9%
1984/1985 MF Guy Dardenne
9%
1985/1986 MF Guy Dardenne
9%
1984/1985 MF Guy Hellers
9%
1985/1986 MF Guy Hellers
9%
1986/1987 MF Guy Hellers
9%
1987/1988 MF Guy Hellers
9%
1988/1989 MF Guy Hellers
9%
1989/1990 MF Guy Hellers
9%
1990/1991 MF Guy Hellers
9%
1991/1992 MF Guy Hellers
9%
1992/1993 MF Guy Hellers
9%
1993/1994 MF Guy Hellers
9%
1994/1995 MF Guy Hellers
9%
1995/1996 MF Guy Hellers
9%
1996/1997 MF Guy Hellers
9%
1998/1999 MF Guy Hellers
9%
2000/2001 DF Ivica Dragutinović
9%
2001/2002 DF Ivica Dragutinović
9%
2002/2003 DF Ivica Dragutinović
9%
2003/2004 DF Ivica Dragutinović
9%
2004/2005 DF Ivica Dragutinović
9%
1986/1987 MF Jean-Marc Bosman
9%
2003/2004 MF Jonathan Walasiak
9%
2005/2006 DF Jorge Costa
9%
1998/1999 DF Joško Bilić
9%
2004/2005 MF Milan Rapaić
9%
2005/2006 MF Milan Rapaić
9%
2006/2007 MF Milan Rapaić
9%
2000/2001 ST Ole Martin Årst
9%
2002/2003 ST Ole Martin Årst
9%
1991/1992 DF Régis Genaux
9%
1992/1993 DF Régis Genaux
9%
1993/1994 DF Régis Genaux
9%
1994/1995 DF Régis Genaux
9%
1995/1996 DF Régis Genaux
9%
2017/2018 MF Uche Agbo
9%
1996/1997 MF Wamberto
9%
1997/1998 MF Wamberto
9%
1984/1985 MF Eddy Snelders
5%
2009/2010 DF Felipe
5%
2011/2012 DF Felipe
5%
1976/1977 DF Gerard Plessers
5%
1979/1980 DF Gerard Plessers
5%
1980/1981 DF Gerard Plessers
5%
1981/1982 DF Gerard Plessers
5%
1982/1983 DF Gerard Plessers
5%
1983/1984 DF Gerard Plessers
5%
1991/1992 ST Henk Vos
5%
1992/1993 ST Henk Vos
5%
1983/1984 ST Horst Hrubesch
5%
1984/1985 ST Horst Hrubesch
5%
2014/2015 DF Martin Milec
5%
2015/2016 DF Martin Milec
5%
1991/1992 DF Mircea Rednic
5%
1992/1993 DF Mircea Rednic
5%
1993/1994 DF Mircea Rednic
5%
1994/1995 DF Mircea Rednic
5%
1995/1996 DF Mircea Rednic
5%
2021/2022 DF Niels Nkounkou
5%
1998/1999 DF Pascal Renier
5%
1992/1993 MF Patrick Vervoort
5%
1996/1997 MF Roberto Bisconti
5%
2003/2004 MF Roberto Bisconti
5%
1975/1976 DF Theo Poel
5%
1976/1977 DF Theo Poel
5%
1977/1978 DF Theo Poel
5%
1978/1979 DF Theo Poel
5%
1981/1982 DF Theo Poel
5%
1982/1983 DF Theo Poel
5%
1983/1984 DF Theo Poel
5%
1999/2000 DF Tibor Selymes
5%
1994/1995 MF Alain Bettagno
0%
1995/1996 MF Alain Bettagno
0%
1993/1994 MF Aleksandr Rychkov
0%
1976/1977 ST Alfred Riedl
0%
1977/1978 ST Alfred Riedl
0%
1978/1979 ST Alfred Riedl
0%
1979/1980 ST Alfred Riedl
0%
1990/1991 DF André Cruz
0%
1991/1992 DF André Cruz
0%
1992/1993 DF André Cruz
0%
1993/1994 DF André Cruz
0%
1975/1976 ST André Gorez
0%
1976/1977 ST André Gorez
0%
1998/1999 MF António Folha
0%
2000/2001 MF António Folha
0%
1973/1974 MF Ásgeir Sigurvinsson
0%
1974/1975 MF Ásgeir Sigurvinsson
0%
1975/1976 MF Ásgeir Sigurvinsson
0%
1976/1977 MF Ásgeir Sigurvinsson
0%
1977/1978 MF Ásgeir Sigurvinsson
0%
1978/1979 MF Ásgeir Sigurvinsson
0%
1979/1980 MF Ásgeir Sigurvinsson
0%
1980/1981 MF Ásgeir Sigurvinsson
0%
1996/1997 ST Axel Lawarée
0%
1996/1997 DF Ben. Debusschere
0%
1997/1998 DF Ben. Debusschere
0%
1981/1982 ST Benny Wendt
0%
1982/1983 ST Benny Wendt
0%
1988/1989 MF Benoît Thans
0%
1989/1990 MF Benoît Thans
0%
1997/1998 MF Björn van der Doelen
0%
1974/1975 MF Christian Labarbe
0%
1975/1976 MF Christian Labarbe
0%
1976/1977 MF Christian Labarbe
0%
1977/1978 MF Christian Labarbe
0%
1988/1989 DF Daniël Nassen
0%
1989/1990 DF Daniël Nassen
0%
1990/1991 DF Daniël Nassen
0%
1995/1996 MF Dimitri De Condé
0%
1996/1997 MF Dimitri De Condé
0%
1997/1998 MF Dimitri De Condé
0%
1998/1999 MF Dimitri De Condé
0%
1987/1988 ST Dimitri M'Buyu
0%
1993/1994 DF Dinga
0%
1994/1995 DF Dinga
0%
1973/1974 ST Džemaludin Mušović
0%
1978/1979 DF Erhan Önal
0%
1979/1980 DF Erhan Önal
0%
1980/1981 DF Erhan Önal
0%
1978/1979 ST Erwin Kostedde
0%
1982/1983 DF Etienne Delangre
0%
1984/1985 DF Etienne Delangre
0%
1985/1986 DF Etienne Delangre
0%
1986/1987 DF Etienne Delangre
0%
1987/1988 DF Etienne Delangre
0%
1988/1989 DF Etienne Delangre
0%
1989/1990 DF Etienne Delangre
0%
1990/1991 DF Etienne Delangre
0%
1991/1992 MF Frans van Rooij
0%
1992/1993 MF Frans van Rooij
0%
1984/1985 DF Freddy Luyckx
0%
1985/1986 DF Freddy Luyckx
0%
1986/1987 DF Freddy Luyckx
0%
1987/1988 DF Freddy Luyckx
0%
2006/2007 DF Frédéric Dupré
0%
1999/2000 MF Frédéric Pierre
0%
2002/2003 MF Fredrik Söderström
0%
1974/1975 MF Gilbert Govaert
0%
2001/2002 DF Godwin Okpara
0%
2002/2003 DF Godwin Okpara
0%
2003/2004 DF Gonzalo Sorondo
0%
1977/1978 ST Harald Nickel
0%
2000/2001 MF Harold Meyssen
0%
2001/2002 MF Harold Meyssen
0%
1982/1983 MF Heinz Gründel
0%
1983/1984 MF Heinz Gründel
0%
1984/1985 MF Heinz Gründel
0%
1976/1977 MF Helmut Graf
0%
1977/1978 MF Helmut Graf
0%
1978/1979 MF Helmut Graf
0%
1979/1980 MF Helmut Graf
0%
1980/1981 MF Helmut Graf
0%
1988/1989 MF Jameleddine Limam
0%
1981/1982 DF Johnny Dusbaba
0%
1988/1989 DF Johny Lambrichts
0%
2001/2002 DF Joseph Enakarhire
0%
2002/2003 DF Joseph Enakarhire
0%
2003/2004 DF Joseph Enakarhire
0%
2000/2001 DF Joseph Yobo
0%
1973/1974 ST Josip Bukal
0%
1974/1975 ST Josip Bukal
0%
1975/1976 ST Josip Bukal
0%
1977/1978 ST Juli Veee
0%
1973/1974 DF Krasnodar Rora
0%
1974/1975 DF Krasnodar Rora
0%
1973/1974 DF Léon Dolmans
0%
1974/1975 DF Léon Dolmans
0%
1999/2000 DF Liviu Ciobotariu
0%
2000/2001 DF Liviu Ciobotariu
0%
1988/1989 DF Ljubomir Radanović
0%
1989/1990 DF Ljubomir Radanović
0%
1979/1980 ST Luís N. de Matos
0%
1980/1981 ST Luís N. de Matos
0%
2011/2012 MF Luis Seijas
0%
1989/1990 MF Marc Schaessens
0%
1990/1991 MF Marc Schaessens
0%
2005/2006 ST Marius Niculae
0%
1983/1984 DF Michel Wintacq
0%
1984/1985 DF Michel Wintacq
0%
1989/1990 ST Miklos Molnar
0%
1990/1991 ST Miklos Molnar
0%
1973/1974 DF Nicolas Dewalque
0%
1974/1975 DF Nicolas Dewalque
0%
1975/1976 DF Nicolas Dewalque
0%
2002/2003 DF Önder Turacı
0%
2003/2004 DF Önder Turacı
0%
1990/1991 ST Patrick Asselman
0%
1991/1992 ST Patrick Asselman
0%
1993/1994 ST Patrick Asselman
0%
1983/1984 DF Patrick Aussems
0%
1984/1985 DF Patrick Aussems
0%
1985/1986 DF Patrick Aussems
0%
1986/1987 DF Patrick Aussems
0%
1975/1976 DF Philippe Garot
0%
1976/1977 DF Philippe Garot
0%
1977/1978 DF Philippe Garot
0%
1978/1979 DF Philippe Garot
0%
1979/1980 DF Philippe Garot
0%
1998/1999 DF Rabiu Afolabi
0%
1999/2000 DF Rabiu Afolabi
0%
2001/2002 DF Rabiu Afolabi
0%
1979/1980 ST Ralf Edström
0%
1980/1981 ST Ralf Edström
0%
2000/2001 MF Robert Prosinečki
0%
1973/1974 MF Roger Henrotay
0%
1974/1975 MF Roger Henrotay
0%
1984/1985 ST Roger Raeven
0%
1988/1989 ST Ronny Rosenthal
0%
2004/2005 ST Sambégou Bangoura
0%
1989/1990 MF Shalom Tikva
0%
1990/1991 MF Shalom Tikva
0%
1973/1974 ST Silvester Takač
0%
1985/1986 MF Srebrenko Repčić
0%
1986/1987 MF Srebrenko Repčić
0%
1987/1988 MF Srebrenko Repčić
0%
1997/1998 MF Stijn Haeldermans
0%
1990/1991 MF Thierry Pister
0%
1991/1992 MF Thierry Pister
0%
1987/1988 DF Thierry Rouyr
0%
1986/1987 MF Vladimir Petrović
0%
1996/1997 DF Waldemar Jaskulski
0%
1997/1998 DF Waldemar Jaskulski
0%
1982/1983 ST Willy Geurts
0%
1978/1979 ST Willy Wellens
0%
1987/1988 MF Zoran Bojović
0%
1983/1984 DF Zoran Jelikić
0%
1985/1986 DF Zoran Jelikić
0%
1986/1987 DF Zoran Jelikić
0%
No matching quizzes found
Score Distribution
Percent of People with Each Score
Percentile by Number Answered
Your Score History
You have not taken this quiz since the last reset